000 00808nam a22001337a 4500
040 _cRUA
082 _aANS PEC 2018 B648 Or.1
100 _aPECH PUNARIAY បុិច ពណ្ណារាយ
245 _aeffectiveness of fresh cassava foliage brewer's grains and banana stem on the growth performance of local crossbred goat ប្រសិទ្ធភាពនៃការប្រប្រាស់ស្លឹកដំឡូងមីស្រស់កាកស្រាប្រៀរនិងដើមចេកលើការលូតលាស់របស់ពូជកូនកាត់ក្នុងស្រុក
260 _aRUA
_bPHNOM PENH
_c2018
300 _ax;35p
_bill;
_c29cm
856 _uhttps://drive.google.com/file/d/1bnPWWLO9I_2HPvK12Jbfl1n1iVW2kAID/view?usp=sharing
942 _cANS
999 _c18279
_d18279